Personnages des Seven Deadly Sins - Statistiques

Statistiques générales
  • Ce quiz a été pris 58 fois
  • Le résultat moyen est 16 sur 19
Statistiques - réponses
Par images Réponse % Correct
King
100%
Meliodas
100%
Merlin
100%
Ban
98%
Diane
98%
Arthur
96%
Elizabeth
96%
Escanor
94%
Gowther
90%
Hawk
85%
Zeldris
83%
Gilthunder
79%
Estarossa
77%
Dreyfus
67%
Jericho
65%
Guila
63%
Bartra
58%
Hendrickson
58%
Howzer
56%
Aucun quiz correspondant
Distribution des résultats
% des personnes avec chaque résultat
Percentile par nombre de réponses
Votre historique - résultats
Vous n’avez pas pris ce quiz